00611nas a2200181 a 450000500170000000800410001702200140005804000270007204100080009924500270010726000670013430000160020131000060021765000620022365000510028565000610033671000320039720170629081719.0170628s1990 ph u|p|r|||| 00| 0 eng d a0116-7847 aCO-BoIAVH cCO-BoIAVH  aeng00aCMU journal of science aBukidnon (Filipinas) : bCentral Mindanao University,c1990?-. c23 x 15 cm. af26aCiencias naturaleszFilipinasvPublicaciones periódicas26aCienciazFilipinasvPublicaciones periódicas26aCiencias socialeszFilipinasvPublicaciones periódicas2 aCentral Mindanao University